Waiting for the wild beasts to vote (Record no. 20301)
[ view plain ]
| 000 -LEADER | |
|---|---|
| fixed length control field | 00406nam a22001337a 4500 |
| 008 - FIXED-LENGTH DATA ELEMENTS--GENERAL INFORMATION | |
| fixed length control field | 230918b |||||||| |||| 00| 0 eng d |
| 020 ## - INTERNATIONAL STANDARD BOOK NUMBER | |
| International Standard Book Number | 0099283824 |
| 050 ## - LIBRARY OF CONGRESS CALL NUMBER | |
| Classification number | PQ3989.2 |
| Item number | .K68 2004 |
| 100 ## - MAIN ENTRY--PERSONAL NAME | |
| Personal name | Kououma, Ahmadou |
| 245 ## - TITLE STATEMENT | |
| Title | Waiting for the wild beasts to vote |
| Statement of responsibility, etc. | Ahmadou Kourouma & Translated from french by Frank Wynne |
| 260 ## - PUBLICATION, DISTRIBUTION, ETC. (IMPRINT) | |
| Place of publication, distribution, etc. | Great Britain |
| Name of publisher, distributor, etc. | Vintage |
| Date of publication, distribution, etc. | 2004 |
| 300 ## - PHYSICAL DESCRIPTION | |
| Extent | 445p. |
| 942 ## - ADDED ENTRY ELEMENTS (KOHA) | |
| Source of classification or shelving scheme | Library of Congress Classification |
| Koha item type | General Collection |
| Withdrawn status | Lost status | Source of classification or shelving scheme | Not for loan | Home library | Current library | Date acquired | Cost, normal purchase price | Total Checkouts | Total Renewals | Full call number | Barcode | Date last seen | Date last checked out | Copy number | Price effective from | Koha item type |
|---|---|---|---|---|---|---|---|---|---|---|---|---|---|---|---|---|
| Library of Congress Classification | Kabarak, Main Campus | Kabarak, Main Campus | 18/09/2023 | 1398.00 | 3 | 1 | PQ3989.2 .K68 2004 C.1 | 031302 | 01/04/2025 | 14/03/2025 | C.1 | 18/09/2023 | General Collection |